000 00300nam a2200109 4500
999 _c507217
_d507217
082 _aQ813x54 1984-88
100 _aIndia. National Crime Records Bureau
_91127
245 _aAccidental deaths and suicides in India 1984-88
260 _aNew Delhi
_bGovernment of India
300 _av.p.
942 _2ddc